| 000 | 004720000a22001930004500 | ||
|---|---|---|---|
| 003 | LK-CoMWRAF | ||
| 005 | 20230915143304.0 | ||
| 008 | 230817t1985 ||||| |||| 00| 0 eng d | ||
| 020 | _a0023285206 | ||
| 040 |
_aLK-CoMWRAF _dLK-CoMWRAF _eLK-CoMWRAF |
||
| 041 | _aeng | ||
| 082 |
_a297 _bDEN |
||
| 100 | _aDenny, Frederick Mathewson | ||
| 245 | _aAn Introduction to Islam | ||
| 260 |
_aNew York : _bMacmillan, _c1985 |
||
| 300 | _a415p | ||
| 650 | _aIslam | ||
| 942 | _cBK | ||
| 999 |
_c1184 _d1184 |
||